| Tag |
First Indicator |
Second Indicator |
Subfields |
| LEADER |
00000cam a2200000 a 4500 |
| 001 |
in00000071927 |
| 005 |
20151008062449.0 |
| 008 |
770114s1927 gw 00010 ger d |
| 020 |
|
|
|a 3426188279
|
| 035 |
|
|
|a (OCoLC)02679906
|
| 035 |
|
|
|9 AAK0280AM
|
| 040 |
|
|
|a ZGM
|c ZGM
|d TXA
|d UtOrBLW
|
| 049 |
|
|
|a TXAM
|c [800656]
|
| 090 |
|
|
|a PT2613.A51
|b K55 1980
|
| 100 |
1 |
|
|a Ganghofer, Ludwig,
|d 1855-1920.
|
| 245 |
1 |
4 |
|a Der Klosterjager :
|b Roman aus dem 14. Jahrhundert /
|c Ludwig Ganghofer.
|
| 250 |
|
|
|a Vollstandige Originalausg.
|
| 264 |
|
1 |
|a Munchen :
|b Droemer Knaur,
|c [1927]
|
| 264 |
|
3 |
|c 1980 printing
|
| 264 |
|
4 |
|c ©1927
|
| 300 |
|
|
|a 333 pages ;
|c 20 cm.
|
| 336 |
|
|
|a text
|b txt
|2 rdacontent
|
| 337 |
|
|
|a unmediated
|b n
|2 rdamedia
|
| 338 |
|
|
|a volume
|b nc
|2 rdacarrier
|
| 999 |
|
|
|a MARS
|
| 999 |
f |
f |
|s f396967f-eef8-38b6-ac07-e79063662ac1
|i 332c4668-311e-389b-a643-4c2c887fbe6b
|t 0
|
| 952 |
f |
f |
|p normal
|a Texas A&M University
|b College Station
|c Sterling C. Evans Library
|d Evans: Library Stacks
|t 0
|e PT2613.A51 K55 1980
|h Library of Congress classification
|i unmediated -- volume
|m A14806194692
|
| 998 |
f |
f |
|a PT2613.A51 K55 1980
|t 0
|l Evans: Library Stacks
|